Calciatori Chelsea Squadra della stagione dell'Europa League - Statistics

Statistiche generali
  • Questo quiz è stato fatto 5 volte
  • Il punteggio medio è 6 su 8
Statistiche sulle risposte
Numero apparizioni Edizioni apparizioni Nazione Calciatore % Corretto
1 2018-2019 Brasile David Luiz
100%
1 2018-2019 Belgio Eden Hazard
100%
1 2018-2019 Francia N'Golo Kanté
100%
1 2018-2019 Spagna César Azpilicueta
75%
1 2018-2019 Brasile / Italia Jorginho
75%
1 2018-2019 Spagna Pedro
75%
1 2018-2019 Spagna Kepa Arrizabalaga
25%
1 2018-2019 Francia Olivier Giroud
25%
Nessun quiz corrispondente trovato
Distribuzione punteggi
Percentuale di utenti per punteggio
Percentile per numero di risposta
I tuoi punteggi nel tempo
Non hai fatto questo quiz